| 000 | 00917 a2200217 4500 | ||
|---|---|---|---|
| 001 | 59438 | ||
| 005 | 20260407155848.0 | ||
| 008 | 260407a1966 arg spa d | ||
| 003 | AR-UNSa-BCEJYS | ||
| 040 |
_aAR-UNSa-BCEJYS _bspa _cAR-UNSa-BCEJYS |
||
| 080 |
_a339.9 _xEconomía internacional en general. Relaciones económicas internacionales. Economía mundial |
||
| 245 | 1 | 0 |
_aPaises pobres, paises ricos _pla brecha que se ensancha |
| 250 | _a5ed. | ||
| 264 | 1 |
_aMéxico : _bSiglo XXI Editores _c1966 |
|
| 300 |
_a198 p. _c18 cm. |
||
| 505 | _a1. Introducción - 2. La distribución del ingreso mundial - 3. La estructura económica de los países ricos y pobres - 4. Crecimiento económico - 5. Desarrollo económico - 6. Progreso económico - 7. La brecha que se ensancha | ||
| 942 | _cBK | ||
| 590 | _aniveau_biblio:m niveau_hierar:0 | ||
| 100 | 1 | _aZimmerman, J.L. | |
| 700 | 1 | _aGonzález Aramburu, Francisco | |
| 999 |
_c6692 _d6692 |
||